Asamiya sahityar itibritto (Record no. 8414)

MARC details
000 -LEADER
fixed length control field 00563cam a2200205ua 4500
008 - FIXED-LENGTH DATA ELEMENTS--GENERAL INFORMATION
fixed length control field 150807n ii |||gr||||Z||||||asm
040 ## - CATALOGING SOURCE
Transcribing agency MAIN
041 ## - LANGUAGE CODE
-- asm
082 ## - DEWEY DECIMAL CLASSIFICATION NUMBER
Classification number 891.4514
245 13 - TITLE STATEMENT
Title Asamiya sahityar itibritto
Statement of responsibility, etc. by Satyendra Nath Sarma
250 ## - EDITION STATEMENT
Edition statement 4th ed.
260 ## - PUBLICATION, DISTRIBUTION, ETC.
Place of publication, distribution, etc. Pathshala:
Name of publisher, distributor, etc. Bani prakash mandir,
Date of publication, distribution, etc. 1965.
300 ## - PHYSICAL DESCRIPTION
Extent 370p.
700 1# - ADDED ENTRY--PERSONAL NAME
Personal name Sarma, Satyendra Nath,
Relator term
942 ## - ADDED ENTRY ELEMENTS (KOHA)
Koha item type Books
653 ## - INDEX TERM--UNCONTROLLED
Uncontrolled term East Indo-European & Celtic literatures
653 ## - INDEX TERM--UNCONTROLLED
Uncontrolled term Assamese literature
653 ## - INDEX TERM--UNCONTROLLED
Uncontrolled term History of Assamese literature
Holdings
Withdrawn status Lost status Damaged status Not for loan Home library Current library Shelving location Date acquired Total Checkouts Full call number Barcode Date last seen Date last checked out Copy number Price effective from Koha item type
        Central Library, Naharkatiya College Central Library, Naharkatiya College General Stacks 19/09/2020 2 891.4514 | SAR 7682 26/02/2026 24/02/2026 1 19/09/2020 Books

Naharkatiya College © 2020. All rights reserved.

Powered By